Экстремальные внешние события и безопасность ядерных установок; Атомная техника за рубежом; № 8

Podrobná bibliografie
Parent link:Атомная техника за рубежом: научно-технический журнал/ Росатом; Государственная корпорация по атомной энергии; Ядерное общество России (ЯОР).— , 1957-.— 0320-9326
№ 8.— 2004.— С. 8-12
Hlavní autor: Исаев А. Н.
Jazyk:ruština
Vydáno: 2004
Edice:Обзоры
Témata:
Médium: MixedMaterials Kapitola
KOHA link:https://koha.lib.tpu.ru/cgi-bin/koha/opac-detail.pl?biblionumber=393781

MARC

LEADER 00000naa2a2200000 4500
001 393781
005 20231101064429.0
035 |a (RuTPU)RU\TPU\prd\30079 
090 |a 393781 
100 |a 20041118a2004 k y0rusy50 ca 
101 0 |a rus 
102 |a RU 
200 1 |a Экстремальные внешние события и безопасность ядерных установок  |f А. Н. Исаев 
225 1 |a Обзоры 
320 |a Библиогр.: 4 назв. 
461 1 |0 (RuTPU)RU\TPU\prd\1300  |x 0320-9326  |t Атомная техника за рубежом  |o научно-технический журнал  |f Росатом; Государственная корпорация по атомной энергии; Ядерное общество России (ЯОР)  |d 1957- 
463 1 |0 (RuTPU)RU\TPU\prd\28543  |t № 8  |v С. 8-12  |d 2004 
610 1 |a ядерные установки 
610 1 |a безопасность 
610 1 |a экстремальные внешние события 
610 1 |a категории событий 
610 1 |a классификация станционных систем 
610 1 |a критерии приемлимости 
675 |a 621.039.58  |v 3 
700 1 |a Исаев  |b А. Н. 
801 1 |a RU  |b 63413507  |c 20041118  |g PSBO 
801 2 |a RU  |b 63413507  |c 20120420  |g RCR 
942 |c BK